LEADER 01075nam a22002535i 4500 001 991002622389707536 008 030520s1996 it 000 0 ita d 020 $a8813196466 035 $ab12950683-39ule_inst 040 $aDip.to Studi Giuridici$bita 082 0 $a346.45 100 1 $aCafaggi, Fabrizio$0139960 245 10$aProfili di relazionalità della colpa :$bcontributo ad una teoria della responsabilità extracontrattuale /$cFabrizio Cafaggi 260 $aPadova :$bCEDAM,$c1996 300 $axviii, 594 p. ;$c24 cm 440 0$aPubblicazioni dell'Istituto di diritto privato dell'Università di Roma La Sapienza ;$v50 500 $aContiene riferimenti bibliografici 650 4$aResponsabilità extracontrattuale 907 $a.b12950683$b02-04-14$c18-06-04 912 $a991002622389707536 945 $aLE027 346.45 CAF01.01$g1$i2027000060948$iLE027-13723$lle027$o-$pE47.51$q-$rl$s- $t0$u1$v1$w1$x0$y.i13542801$z18-06-04 996 $aProfili di relazionalità della colpa$9279730 997 $aUNISALENTO 998 $ale027$b18-06-04$cm$da $e-$fita$git $h0$i1